000 00254nam a22001097a 4500
003 OSt
008 250123b |||||||| |||| 00| 0 eng d
041 _aeng
100 _aADAMS
_96986
245 _aAgricultural Extension in Developing Countries
942 _cBK
999 _c19113
_d19113